Bhāratera śilpa-biplaba o Rāmamohana. (Record no. 59649)
[ view plain ]
| 000 -LEADER | |
|---|---|
| fixed length control field | 00552cam a22002171 4500 |
| 001 - CONTROL NUMBER | |
| control field | sa 64006374 |
| 003 - CONTROL NUMBER IDENTIFIER | |
| control field | DLC |
| 005 - DATE AND TIME OF LATEST TRANSACTION | |
| control field | 20260227112039.0 |
| 008 - FIXED-LENGTH DATA ELEMENTS--GENERAL INFORMATION | |
| fixed length control field | 890810s1963 ii 000 0 beno |
| 010 ## - LIBRARY OF CONGRESS CONTROL NUMBER | |
| LC control number | sa 64006374 |
| 035 ## - SYSTEM CONTROL NUMBER | |
| System control number | (OCoLC)20156515 |
| 040 ## - CATALOGING SOURCE | |
| Original cataloging agency | DLC |
| Transcribing agency | WaU |
| Modifying agency | DLC |
| 042 ## - AUTHENTICATION CODE | |
| Authentication code | premarc |
| 050 00 - LIBRARY OF CONGRESS CALL NUMBER | |
| Classification number | BL1265.R3 |
| Item number | T3 |
| 100 1# - MAIN ENTRY--PERSONAL NAME | |
| Personal name | Tagore, Saumyendranath. |
| 245 10 - TITLE STATEMENT | |
| Title | Bhāratera śilpa-biplaba o Rāmamohana. |
| 260 ## - PUBLICATION, DISTRIBUTION, ETC. | |
| Date of publication, distribution, etc. | [1963] |
| 300 ## - PHYSICAL DESCRIPTION | |
| Extent | 117 p. |
| Dimensions | 23 cm. |
| 500 ## - GENERAL NOTE | |
| General note | In Bengali. |
| 600 00 - SUBJECT ADDED ENTRY--PERSONAL NAME | |
| Personal name | Rammohun Roy, |
| Titles and other words associated with a name | Raja, |
| Dates associated with a name | 1772?-1833. |
No items available.